| 000 | 00609nam a22001577a 4500 | ||
|---|---|---|---|
| 003 | OSt | ||
| 005 | 20151009094616.0 | ||
| 008 | 151009b xxu||||| |||| 00| 0 eng d | ||
| 040 | _cRUA | ||
| 082 | _aAVM BUN 2008 B083 Or.1 | ||
| 100 |
_92419 _aBUNRY, KANGNARITH. |
||
| 245 | _aHousehold buffaloes kompong svay district kompong thom province, ការចិញ្ចឹមក្របីជាលក្ខណៈគ្រួសារ នៅស្រុកកំពង់ស្វាយ ខេត្តកំពង់ធំ | ||
| 260 |
_aPhnom Penh _bRUA _c2008 |
||
| 300 |
_a37p. _bill. _c29cm. |
||
| 942 |
_2ddc _cAVM |
||
| 999 |
_c2275 _d2275 |
||